000 01336nam a2200349 a 4500
001 0000341
003 DO-SdBNP
005 20160427113254.0
007 0000341
008 091120s2007 dr a 000 0 spa d
020 _a9945400185
040 _aBPMSU
_bspa
_cBPMSU
092 _a372.21
_bC965c, 2, 2007
100 1 _aCuello del Orbe, Elisa Ysabel
245 1 0 _aCapullito 2 :
_bnivel inicial /
_cElisa Ysabel Cuello del Orbe ; ilustraciones Ramón L. Sandoval.
260 _aSanto Domingo :
_bActualidad escolar 2000
_c200u-
300 _a301 p.:
_bil. ;
_c22 cm.
490 1 _aRenacer
500 _aEste libro ha sido realizado de acuerdo al curriculum vigente y ha sido sometido a la evaluación y aprobación de la SEE (Secretaría de Estado de Educación )
505 _tMi escuela --
_tMi persona y mi familia --
_tLas plantas, los alimentos y los animales --
_tMi país --
_tFestivales nacionales --
650 _aEDUCACIÓN PREESCOLAR
650 _aEDUCACIÓN DE NIÑOS
650 _aEDUCACIÓN EN LA PRIMERA INFANCIA
650 _aJARDINES INFANTILES
650 _aEDUCACIÓN PREESCOLAR
_xLIBROS DE TEXTO
650 _aEDUCACIÓN PREESCOLAR
_xESTUDIOS Y EJERCICIOS
700 1 _aSandoval, Ramón L.,
_eil.
830 0 _aRenacer
910 _a00144
942 _2ddc
_cBK
956 _aYngrid Lockward
_b10
999 _c9935
_d9935